The trainer's journey to competence : tools, assessments and models

Bibliographic Details
Main Author: Barbazette, Jean
Format: Book
Published: San Francisco : Pfeiffer , 2005
Series:The skilled trainer series
Subjects:

MARC

LEADER 00000cam a2200000 7i4500
001 0000018597
005 20070126.0
020 |a 0787975230 
040 |a INS 
090 0 0 |a HF5549.5.T7   |b B285 2005 
100 1 |a Barbazette, Jean 
245 1 4 |a The trainer's journey to competence :   |b tools, assessments and models   |c Jean Barbazette 
260 |a San Francisco :   |b Pfeiffer ,   |c 2005 
300 |a xiii, 310 p. ;   |c 24 cm + 1 CD. 
440 4 |a The skilled trainer series 
500 |a Bibliography: p.301-303 
500 |a Includes index 
650 0 0 |a Employees   |x Training of 
650 0 0 |a Performance standards 
650 0 0 |a Performance   |x Evaluation 
999 |a 0000018025   |b BOOK   |c Open Shelf   |e Default branch 
999 |a 0000018479   |b BOOK   |c Open Shelf   |e Default branch